| 000 | 00756nai a2200181Ia 4500 | ||
|---|---|---|---|
| 003 | IN-BaIIA | ||
| 008 | 211028c9999 xx s 000 0 eng d | ||
| 040 | _cIIA Library | ||
| 245 | 0 |
_aIEEE Transactions on Semiconductor Technology Modeling and Simulation _h[eJournal] |
|
| 260 |
_aNew York, USA _bThe Institute of Electrical and Electronics Engineers, Inc. (IEEE) |
||
| 362 | _a1996 | ||
| 521 | _bSubscribed through National Knowledge Resource Consortium (NKRC) | ||
| 650 | _a Communication, Networking and Broadcast Technologies | ||
| 650 |
_a Computing and Processing _948785 |
||
| 650 | _aComponents, Circuits, Devices and Systems | ||
| 856 |
_uhttps://ieeexplore.ieee.org/servlet/opac?punumber=6414144 _yClick Here to Access eJournal |
||
| 942 | _cEJ | ||
| 999 |
_c34733 _d34733 |
||